Black Country, New Road - The Place Where He Inserted the Blade lyrics - Statistics

General Stats
  • This quiz has been taken 83 times
  • The average score is 261 of 341
Answer Stats
Answer % Correct
where
100%
a
98%
he
98%
I
98%
me
98%
the
98%
and
96%
in
96%
you
96%
my
94%
place
94%
show
94%
your
94%
blade
92%
inserted
92%
of
90%
to
90%
it
88%
never
88%
You're
88%
you're
88%
good
87%
scared
87%
up
87%
we
87%
morning
85%
needed
85%
world
85%
make
83%
with
83%
all
81%
darlin'
81%
so
81%
come
79%
every
79%
I'm
79%
lord
79%
lunch
79%
out
79%
play
79%
praise
79%
but
77%
end
77%
get
77%
locals
77%
at
75%
few
75%
freak
75%
friends
75%
know
75%
our
75%
takes
75%
they
75%
tie
75%
anyone
73%
bones
73%
break
73%
dreaming
73%
else
73%
for
73%
head
73%
heal
73%
home
73%
lost
73%
nice
73%
then
73%
time
73%
try
73%
years
73%
burn
71%
tell
71%
body
69%
house
69%
if
69%
months
69%
rest
69%
school
69%
sign
69%
too
69%
yours
69%
as
67%
cast
67%
happened
67%
playground
67%
tied
67%
hold
65%
is
65%
made
65%
slow
65%
stronger
65%
tight
65%
well
65%
darling
62%
we're
62%
oh
60%
vine
60%
broccoli
58%
stuff
58%
that
58%
chicken
56%
long
54%
everything
52%
I'll
52%
it's
52%
not
52%
concorde
48%
breathe
46%
can
46%
keep
46%
or
44%
will
44%
between
42%
clean
42%
exist
42%
us
42%
am
40%
cadence
40%
light
40%
want
40%
wind
40%
bound
38%
night
38%
that's
38%
evening
37%
leaving
37%
myself
37%
chest
35%
fifth
35%
hunter's
33%
soup-maker
33%
spoil
33%
guide
31%
string
31%
this
31%
bad
29%
better
29%
just
29%
really
29%
2
27%
other
27%
see
27%
sleeping
27%
thanks
27%
tired
27%
tried
27%
dreams
25%
stroke
25%
tug
25%
chain
21%
No matching quizzes found
Score Distribution
Percent of People with Each Score
Percentile by Number Answered
Your Score History
You have not taken this quiz